| 000 | 00366nam a2200109Ia 4500 | ||
|---|---|---|---|
| 008 | 220204s9999 xx 000 0 und d | ||
| 082 |
_a339.1 _bSPO |
||
| 100 | _aSpoor, Max | ||
| 245 | 4 | _aThe 'Market panacea': Agrarian transformation in developing countries and former socialist economiies | |
| 260 |
_aLondon _bIntermediate Technology Publications _c1997 |
||
| 942 | _cBK | ||
| 999 |
_c41735 _d41735 |
||